[Event "XXIII Festival A"]
[Site "Arco ITA"]
[Date "2001.10.28"]
[Round "9"]
[White "Wohl, Aleksandar H."]
[Black "Ortega, Lexy"]
[Result "1/2-1/2"]
[WhiteElo "2379"]
[BlackElo "2494"]
[PlyCount "90"]
[EventDate "2001.10.20"]

1.Nf3 c5 2.g3 Nc6 3.Bg2 g6 4.c4 Bg7 5.Nc3 e5 6.a3 d6 7.O-O Nge7 8.Rb1 a5 
9.d3 O-O 10.Bg5 f6 11.Bd2 Be6 12.Ne1 d5 13.cxd5 Nxd5 14.Nc2 a4 15.Ne3 Nb6 
16.Ne4 Bb3 17.Qe1 Qe7 18.Rc1 Nd7 19.Nc3 Nb6 20.Ne4 Nd7 21.Nc4 Ra6 22.Nc3 
f5 23.Nd5 Qd8 24.Nd6 Qb8 25.Nb5 Nd4 26.Nxd4 exd4 27.Bf4 Be5 28.Qd2 Re6 29.
e3 dxe3 30.fxe3 Rfe8 31.d4 Bxf4 32.Nxf4 Rd6 33.d5 b6 34.g4 fxg4 35.Qf2 Ne5
36.Ne6 Rdxe6 37.dxe6 Bxe6 38.Qg3 Nd7 39.Qxb8 Rxb8 40.Rc2 Kg7 41.Rd2 c4 42.
Be4 Nc5 43.Bc2 b5 44.Rd6 Re8 45.Rfd1 Bf7 {...} 1/2-1/2

[Event "XI C.to Mondiale seniores"]
[Site "Arco ITA"]
[Date "2001.10.17"]
[Round "1"]
[White "Bernhoeft, Erhard"]
[Black "Petkevich, Jusefs"]
[Result "0-1"]
[WhiteElo "2085"]
[BlackElo "2440"]
[PlyCount "165"]
[EventDate "2001.10.17"]

1. Nf3 Nf6 2. d4 g6 3. g3 Bg7 4. Bg2 O-O 5. O-O d6 6. c4 Nc6 7. Nc3 Bf5 8. d5
Na5 9. Nd4 Bd7 10. Qd3 c5 11. Nf3 a6 12. Rb1 b5 13. b3 Rb8 14. Nd2 Ng4 15. cxb5
axb5 16. Qc2 Nf6 17. Nde4 Ne8 18. Ng5 h6 19. Nf3 Nf6 20. Ne1 b4 21. Nd1 e5 22.
Ne3 Ne8 23. Nd3 Nc7 24. Nxc5 dxc5 25. Qxc5 Na6 26. Qc2 Nb7 27. Nc4 Rc8 28. Qd1
Nbc5 29. Bb2 Na4 30. Ba1 Nc3 31. Bxc3 bxc3 32. Rc1 e4 33. Nd6 f5 34. Nxc8 Qxc8
35. a3 Nc5 36. Qc2 Qb7 37. b4 Ba4 38. Qa2 Nb3 39. Rcd1 Nd2 40. Rxd2 cxd2 41.
Qxd2 Rd8 42. Rc1 Qxd5 43. Qf4 Qd2 44. Qc7 Qxc1+ 45. Qxc1 Rd1+ 46. Qxd1 Bxd1 47.
e3 Bb2 48. Bf1 Bxa3 49. Bc4+ Kf8 50. b5 Ke7 51. h3 Bc2 52. Bd5 Bc5 53. Bc6 Bd3
54. Kg2 Be2 55. Kg1 Kf6 56. Be8 g5 57. Bc6 Ke5 58. Kg2 Bc4 59. Bd7 Bd5 60. Be8
Be6 61. Bc6 Kd6 62. g4 Ke5 63. gxf5 Bxf5 64. Be8 Kf6 65. Bh5 Bg6 66. Bg4 h5 67.
Bd7 Ke7 68. Bc6 h4 69. Kh2 Kd6 70. Kg2 Bf5 71. Bb7 Ke5 72. Bc6 Be6 73. Kh2 Bc4
74. Kg2 Be2 75. Kh2 Bb6 76. Kg2 Bf3+ 77. Kg1 Bc7 78. Bd7 Kf6 79. Bc8 g4 80. Bd7
g3 81. Kf1 Ke7 82. fxg3 hxg3 83. h4 0-1

[Event "XI C.to Mondiale seniores"]
[Site "Arco ITA"]
[Date "2001.10.17"]
[Round "1"]
[White "Bukal, Vladimir sr"]
[Black "Schwertel, Johann"]
[Result "1-0"]
[WhiteElo "2437"]
[BlackElo "2084"]
[PlyCount "85"]
[EventDate "2001.10.17"]

1. c4 c5 2. Nf3 Nc6 3. Nc3 Nf6 4. g3 g6 5. Bg2 Bg7 6. d4 cxd4 7. Nxd4 O-O 8.
O-O Ne5 9. b3 a6 10. h3 Qc7 11. Bb2 d6 12. Rc1 Ned7 13. Qd2 Nc5 14. b4 Ne6 15.
Nd5 Qd8 16. Nxe6 fxe6 17. Ne3 Nh5 18. Bxg7 Nxg7 19. Rfd1 Rb8 20. Ng4 Qc7 21. c5
d5 22. e4 Bd7 23. exd5 exd5 24. Qxd5+ Be6 25. Qe5 Rbc8 26. Rd2 Bxg4 27. Qxc7
Rxc7 28. hxg4 e6 29. Rcd1 Re8 30. Rd7 Re7 31. Rxc7 Rxc7 32. Rd8+ Kf7 33. Rb8
Ne8 34. Rxb7 Rxb7 35. Bxb7 Nc7 36. a4 Ke7 37. Bc6 g5 38. f4 h6 39. Kf2 Kf6 40.
Ke3 e5 41. f5 h5 42. gxh5 Kxf5 43. g4+ 1-0

[Event "XI C.to Mondiale seniores"]
[Site "Arco ITA"]
[Date "2001.10.17"]
[Round "1"]
[White "Csom, Istvan"]
[Black "Klempt, Guenter"]
[Result "1-0"]
[WhiteElo "2425"]
[BlackElo "2070"]
[PlyCount "69"]
[EventDate "2001.10.17"]

1. c4 g6 2. d4 Bg7 3. Nf3 Nf6 4. g3 O-O 5. Bg2 c5 6. Nc3 cxd4 7. Nxd4 Nc6 8.
Nc2 d6 9. O-O Bd7 10. Bd2 Rc8 11. Rc1 Re8 12. b3 Be6 13. Ne3 a6 14. h3 Na5 15.
Ncd5 Nc6 16. Bc3 Bxd5 17. cxd5 Ne5 18. Qd2 Ned7 19. Nc4 b6 20. Bd4 b5 21. Na5
Nc5 22. Nc6 Qd7 23. b4 Nb7 24. Rc2 e6 25. Rfc1 Kh8 26. e4 e5 27. Be3 Nd8 28.
Nxe5 Rxc2 29. Nxd7 Rxd2 30. Nxf6 Bxf6 31. Bxd2 Re7 32. Rc8 Rb7 33. f4 Kg8 34.
e5 dxe5 35. fxe5 1-0

[Event "XI C.to Mondiale seniores"]
[Site "Arco ITA"]
[Date "2001.10.17"]
[Round "1"]
[White "Flores Escuin, Sadurni"]
[Black "Chernikov, Oleg L."]
[Result "0-1"]
[WhiteElo "2091"]
[BlackElo "2464"]
[PlyCount "73"]
[EventDate "2001.10.17"]

1. e4 c5 2. Nf3 d6 3. d4 cxd4 4. Nxd4 Nf6 5. Nc3 Nc6 6. Be2 g6 7. Be3 Bg7 8.
Qd2 O-O 9. h4 d5 10. exd5 Nxd5 11. Nxd5 Nxd4 12. c4 Nxe2 13. Qxe2 e6 14. Nc3
Qa5 15. O-O Bd7 16. Rfd1 Bc6 17. Bd4 Rad8 18. Bxg7 Kxg7 19. a3 Qf5 20. Rxd8
Rxd8 21. Re1 Rd4 22. Qe5+ Qxe5 23. Rxe5 Rxh4 24. b3 Rg4 25. g3 h5 26. Re3 h4
27. Kh2 hxg3+ 28. fxg3 Rd4 29. Kg1 Kf6 30. Kf2 Ke7 31. a4 a5 32. Ke2 Kd6 33.
Nb5+ Bxb5 34. axb5 b6 35. Rf3 f5 36. Rf1 Kc5 37. Rf3 0-1

[Event "XI C.to Mondiale seniores"]
[Site "Arco ITA"]
[Date "2001.10.17"]
[Round "1"]
[White "Kuehn, Peter"]
[Black "Rotstein, Jefim"]
[Result "0-1"]
[WhiteElo "2032"]
[BlackElo "2379"]
[PlyCount "48"]
[EventDate "2001.10.17"]

1. e4 c5 2. Nf3 e6 3. d4 cxd4 4. Nxd4 Nf6 5. Nc3 d6 6. Bg5 Be7 7. Qd2 a6 8.
O-O-O b5 9. Bd3 Bb7 10. f3 Nc6 11. Nxc6 Bxc6 12. g4 Rc8 13. Ne2 O-O 14. h4 Qc7
15. Bxf6 Bxf6 16. g5 Be7 17. Nf4 d5 18. Nh5 Rfd8 19. Qg2 dxe4 20. fxe4 Rxd3 21.
Nf6+ Bxf6 22. gxf6 Qf4+ 23. Kb1 Rxd1+ 24. Rxd1 Qxf6 0-1

[Event "XI C.to Mondiale seniores"]
[Site "Arco ITA"]
[Date "2001.10.17"]
[Round "1"]
[White "Papapostolou, Christo"]
[Black "Vasiukov, Evgeni A."]
[Result "0-1"]
[WhiteElo "2106"]
[BlackElo "2530"]
[PlyCount "68"]
[EventDate "2001.10.17"]

1. e4 c5 2. Nf3 Nc6 3. d4 cxd4 4. Nxd4 Qb6 5. Nb3 Nf6 6. Nc3 e6 7. Be3 Qc7 8.
f3 Bb4 9. Bd2 a6 10. Qe2 O-O 11. a3 Be7 12. g4 b5 13. f4 b4 14. axb4 Nxb4 15.
Rc1 d5 16. e5 Nd7 17. g5 Nb6 18. Qf2 Nc4 19. Bxc4 dxc4 20. Nd4 Rb8 21. h4 Nc6
22. Nd1 Nxd4 23. Qxd4 Bc5 24. Qc3 Rd8 25. Qg3 Bb7 26. Rh2 Be4 27. Be3 Qa5+ 28.
Bd2 Qb6 29. Bc3 Rd5 30. Rd2 Rbd8 31. Ra1 Rxd2 32. Bxd2 Bxc2 33. Ba5 Rxd1+ 34.
Rxd1 Qxa5+ 0-1

[Event "XI C.to Mondiale seniores"]
[Site "Arco ITA"]
[Date "2001.10.17"]
[Round "1"]
[White "Shabanov, Yuri"]
[Black "Har-Zahav, Avraham"]
[Result "1-0"]
[WhiteElo "2458"]
[BlackElo "2089"]
[PlyCount "55"]
[EventDate "2001.10.17"]

1. e4 d5 2. exd5 Qxd5 3. Nc3 Qa5 4. d4 Nf6 5. Bc4 Bg4 6. Nf3 Nc6 7. h3 Bxf3 8.
Qxf3 Nxd4 9. Qxb7 Rd8 10. O-O Qb6 11. Qxb6 axb6 12. Bf4 e6 13. Rad1 c5 14. Nb5
Be7 15. c3 Nxb5 16. Bxb5+ Kf8 17. Rxd8+ Bxd8 18. Rd1 Be7 19. c4 h6 20. Bc7 g5
21. Bxb6 Kg7 22. a4 Ne4 23. Bc6 f5 24. a5 Rb8 25. Rd7 Kf8 26. Bb7 Nd6 27. a6
Nxc4 28. Bc7 1-0

[Event "XI C.to Mondiale seniores"]
[Site "Arco ITA"]
[Date "2001.10.17"]
[Round "1"]
[White "Tatai, Stefano"]
[Black "Perk, Egbert"]
[Result "1-0"]
[WhiteElo "2352"]
[BlackElo "2027"]
[PlyCount "83"]
[EventDate "2001.10.17"]

1. e4 d6 2. d4 Nd7 3. Nf3 e5 4. Bc4 Be7 5. dxe5 Nxe5 6. Nxe5 dxe5 7. Qh5 g6 8.
Qxe5 Nf6 9. Bh6 Rg8 10. Bg5 Ng4 11. Qxe7+ Qxe7 12. Bxe7 Kxe7 13. Nc3 c6 14. a4
Be6 15. Bxe6 fxe6 16. Ke2 Rgf8 17. f3 Ne5 18. h4 Rf7 19. a5 Rd8 20. b3 Rd6 21.
Na4 Nd7 22. Rad1 e5 23. Nb2 Rff6 24. Nc4 Rxd1 25. Rxd1 b5 26. axb6 axb6 27. Ra1
b5 28. Ne3 Rd6 29. h5 Nc5 30. Ra7+ Rd7 31. Rxd7+ Kxd7 32. Ng4 Ke6 33. hxg6 hxg6
34. g3 g5 35. Nf2 Kf6 36. Nd3 Ne6 37. c3 c5 38. Ke3 c4 39. bxc4 bxc4 40. Nb2
Nc5 41. Nxc4 Ke6 42. Nb2 1-0

[Event "XI C.to Mondiale seniores"]
[Site "Arco ITA"]
[Date "2001.10.18"]
[Round "2"]
[White "Gurgenidze, Bukhuti I."]
[Black "Shabanov, Yuri"]
[Result "1/2-1/2"]
[WhiteElo "2217"]
[BlackElo "2458"]
[PlyCount "53"]
[EventDate "2001.10.17"]

1. e4 d6 2. d4 Nf6 3. Nc3 g6 4. Nf3 Bg7 5. Be2 O-O 6. O-O c5 7. d5 e6 8. h3
exd5 9. exd5 Re8 10. Bg5 h6 11. Bh4 Na6 12. Nd2 Nc7 13. Bf3 g5 14. Bg3 Bf5 15.
Nc4 Bf8 16. a4 Ne4 17. Nxe4 Bxe4 18. Re1 Bg6 19. Rxe8 Nxe8 20. Bh5 Bxh5 21.
Qxh5 Qf6 22. Qg4 Rd8 23. h4 Ng7 24. hxg5 hxg5 25. Re1 Qf5 26. Qd1 Qg6 27. f3
1/2-1/2

[Event "XI C.to Mondiale seniores"]
[Site "Arco ITA"]
[Date "2001.10.18"]
[Round "2"]
[White "Igney, Volkhard"]
[Black "Bukal, Vladimir sr"]
[Result "1/2-1/2"]
[WhiteElo "2216"]
[BlackElo "2437"]
[PlyCount "43"]
[EventDate "2001.10.17"]

1. d4 d5 2. c4 c6 3. cxd5 cxd5 4. Nf3 Nc6 5. Nc3 Nf6 6. Bf4 Nh5 7. Be5 e6 8. e3
Be7 9. Bb5 O-O 10. O-O Bd7 11. Rc1 f6 12. Bg3 Qb6 13. Qe2 a6 14. Bd3 f5 15. Be5
Na5 16. Nxd5 exd5 17. Bc7 Qb4 18. Ne5 Nf6 19. a3 Qa4 20. Bc2 Qb5 21. Bd3 Qa4
22. Bc2 1/2-1/2

[Event "XI C.to Mondiale seniores"]
[Site "Arco ITA"]
[Date "2001.10.18"]
[Round "2"]
[White "Kristiansen, Erling"]
[Black "Uhlmann, Wolfgang"]
[Result "0-1"]
[WhiteElo "2213"]
[BlackElo "2473"]
[PlyCount "90"]
[EventDate "2001.10.17"]

1. c4 Nf6 2. Nc3 g6 3. g3 c5 4. Bg2 Bg7 5. Nf3 Nc6 6. d4 cxd4 7. Nxd4 O-O 8.
O-O Ng4 9. e3 d6 10. Nxc6 bxc6 11. Bxc6 Rb8 12. Bg2 Ne5 13. Qa4 Qd7 14. Qc2
Nxc4 15. b3 Nb6 16. Bb2 Bb7 17. Rac1 Bxg2 18. Kxg2 Rfc8 19. Qd2 Qb7+ 20. Kg1
Nc4 21. bxc4 Qxb2 22. Rc2 Bxc3 23. Qxc3 Qb7 24. f3 Rc5 25. e4 Qc7 26. Rfc1 Rb6
27. Kg2 h5 28. Qd2 Rbc6 29. Qe2 Qc8 30. Qd3 Rc7 31. Qd4 Rb7 32. Qd2 Qb8 33. Qe3
Rb4 34. Qa3 Qb6 35. Qd3 Qa6 36. Qf1 Ra4 37. Qf2 f6 38. Qd2 Kg7 39. Rb2 Rcxc4
40. Rxc4 Qxc4 41. Rc2 Qe6 42. Qe2 g5 43. Qf2 g4 44. Re2 gxf3+ 45. Qxf3 Rxa2 0-1

[Event "XI C.to Mondiale seniores"]
[Site "Arco ITA"]
[Date "2001.10.18"]
[Round "2"]
[White "Petkevich, Jusefs"]
[Black "Krueger, Erich"]
[Result "1/2-1/2"]
[WhiteElo "2440"]
[BlackElo "2216"]
[PlyCount "100"]
[EventDate "2001.10.17"]

1. Nf3 Nf6 2. d4 g6 3. c4 Bg7 4. Nc3 d6 5. Bg5 h6 6. Bh4 g5 7. Bg3 Nh5 8. e3 c5
9. Be2 Qb6 10. O-O Nxg3 11. hxg3 Nd7 12. a3 Nf6 13. b4 Bd7 14. bxc5 dxc5 15.
Ne5 O-O 16. Nxd7 Nxd7 17. Rb1 Qa5 18. Nd5 Qd8 19. Rxb7 cxd4 20. exd4 e6 21. Nc7
Rc8 22. Nb5 a6 23. Nd6 Rb8 24. c5 Rxb7 25. Nxb7 Qc7 26. Nd6 Nb8 27. Bf3 Nc6 28.
Bxc6 Qxc6 29. Qd3 Qd5 30. Rd1 Rb8 31. Qf3 Qxf3 32. gxf3 Bf8 33. Nc4 Rd8 34. Rd2
e5 35. Nxe5 Bxc5 36. Nc6 Rd6 37. Ne7+ Kh7 38. Nf5 Rd5 39. g4 Bxa3 40. Ra2 Ra5
41. Rc2 h5 42. Rc7 Kg6 43. Rc6+ f6 44. Rc7 Bf8 45. Ra7 h4 46. Kg2 Ra2 47. Rd7
a5 48. d5 a4 49. d6 a3 50. Ra7 Rd2 1/2-1/2

[Event "XI C.to Mondiale seniores"]
[Site "Arco ITA"]
[Date "2001.10.18"]
[Round "2"]
[White "Rotstein, Jefim"]
[Black "Shlakman, Itzhak"]
[Result "1-0"]
[WhiteElo "2379"]
[BlackElo "2186"]
[PlyCount "109"]
[EventDate "2001.10.17"]

1. d4 d5 2. Nf3 Nf6 3. e3 e6 4. Bd3 Nbd7 5. O-O c5 6. b3 Be7 7. Nbd2 O-O 8. Bb2
b6 9. Ne5 Nxe5 10. dxe5 Nd7 11. f4 f5 12. exf6 Bxf6 13. Qh5 h6 14. Be5 Qe8 15.
Bg6 Qe7 16. Nf3 Ba6 17. Rf2 Rfd8 18. g4 d4 19. exd4 cxd4 20. g5 Nxe5 21. fxe5
Bxg5 22. Be4 Be3 23. Qg6 Qf7 24. Qh7+ Kf8 25. Kg2 Bxf2 26. Bxa8 Rxa8 27. Qh8+
Qg8 28. Qxg8+ Kxg8 29. Kxf2 Rf8 30. Kg3 d3 31. c4 Bb7 32. Nd4 Rd8 33. Nxe6 Re8
34. Nf4 Rxe5 35. Kf2 Rf5 36. Ke3 g5 37. Nxd3 Rf3+ 38. Kd4 Rh3 39. Re1 Rh4+ 40.
Ke5 Kg7 41. Re2 Kg6 42. Nb4 Bf3 43. Rd2 Re4+ 44. Kd6 Rf4 45. Nd5 Rf7 46. b4
Bxd5 47. cxd5 Rf4 48. Kc7 Kf7 49. d6 Rc4+ 50. Kd8 Rh4 51. d7 Rc4 52. Rf2+ Ke6
53. Ke8 Rd4 54. d8=Q Rxd8+ 55. Kxd8 1-0

[Event "XI C.to Mondiale seniores"]
[Site "Arco ITA"]
[Date "2001.10.18"]
[Round "2"]
[White "Vasiukov, Evgeni A."]
[Black "Ousatchi, Mark"]
[Result "1-0"]
[WhiteElo "2530"]
[BlackElo "2223"]
[PlyCount "45"]
[EventDate "2001.10.17"]

1. e4 e5 2. Nf3 Nc6 3. Bc4 Be7 4. d4 d6 5. dxe5 dxe5 6. Qxd8+ Bxd8 7. Nc3 Nf6
8. Be3 Bd7 9. O-O-O Ng4 10. Bxf7+ Kxf7 11. Rxd7+ Kg6 12. Nd5 Rc8 13. b4 Re8 14.
Re1 Nb8 15. Rxd8 Rcxd8 16. Nxc7 Nxe3 17. Nxe8 Nc4 18. Nc7 Nc6 19. Nd5 b5 20.
Rd1 Ra8 21. Ne3 Nxb4 22. Nxc4 bxc4 23. a3 1-0

[Event "XI C.to Mondiale seniores"]
[Site "Arco ITA"]
[Date "2001.10.18"]
[Round "2"]
[White "Viner, Phillip J."]
[Black "Hecht, Hans-Joachim"]
[Result "0-1"]
[WhiteElo "2203"]
[BlackElo "2418"]
[PlyCount "126"]
[EventDate "2001.10.17"]

1. d4 Nf6 2. e3 g6 3. Bd3 Bg7 4. Nf3 O-O 5. O-O d6 6. Nbd2 Nc6 7. c3 e5 8. Re1
Qe7 9. e4 Nh5 10. dxe5 dxe5 11. Bf1 Nf4 12. Qc2 Rd8 13. Nb3 a5 14. Be3 b6 15.
Rad1 Rxd1 16. Rxd1 Bg4 17. Nbd2 Rd8 18. h3 Be6 19. Nb3 Rd6 20. Rxd6 Qxd6 21.
Qd2 Bf8 22. Ng5 Qxd2 23. Bxd2 Bd7 24. Bc4 Nd8 25. Be3 a4 26. Nd2 b5 27. Bf1 f6
28. Ngf3 Nb7 29. Ne1 Kf7 30. f3 h5 31. h4 Bc5 32. Kf2 c6 33. Nd3 Nxd3+ 34. Bxd3
Be6 35. a3 Ke7 36. Bxc5+ Nxc5 37. Bc2 Nb7 38. Bd3 Nc5 39. Bc2 Nd7 40. Ke3 Kd6
41. Bd3 g5 42. hxg5 fxg5 43. Nf1 h4 44. Kf2 Nf6 45. Ne3 Nh5 46. Bf1 Kc5 47. Bd3
Bd7 48. Bf1 Nf4 49. Ke1 Kd6 50. Kd2 c5 51. Nc2 c4 52. Ne1 Ke7 53. Ke3 g4 54.
fxg4 Bxg4 55. Nf3 Bxf3 56. Kxf3 Kf6 57. Be2 Nxe2 58. Kxe2 Kg5 59. Kf3 Kh5 60.
Kf2 Kg4 61. Kg1 Kf4 62. Kh2 Kxe4 63. Kh3 Kd3 0-1

[Event "XI C.to Mondiale seniores"]
[Site "Arco ITA"]
[Date "2001.10.18"]
[Round "2"]
[White "Zunker, Reinhard"]
[Black "Karasev, Vladimir I."]
[Result "0-1"]
[WhiteElo "2194"]
[BlackElo "2410"]
[PlyCount "66"]
[EventDate "2001.10.17"]

1. e4 c5 2. Nf3 e6 3. d4 cxd4 4. Nxd4 a6 5. Bd3 Nf6 6. Be3 e5 7. Nf3 d5 8. Nbd2
Nc6 9. Bg5 Be7 10. exd5 Nxd5 11. Bxe7 Qxe7 12. O-O O-O 13. Nc4 Rd8 14. Re1 f6
15. Nfd2 b5 16. Ne3 Nf4 17. Be4 Bb7 18. c3 Na5 19. Nf5 Qc7 20. Qc2 g6 21. Bxb7
Qxb7 22. Ne3 Rd3 23. Nb3 Nxb3 24. axb3 Rad8 25. Red1 Kg7 26. Rxd3 Rxd3 27. Rd1
e4 28. g3 Rxd1+ 29. Qxd1 Nd3 30. Qd2 Qd7 31. c4 h5 32. h4 Qh3 33. Nf1 Ne5 0-1

[Event "XI C.to Mondiale seniores"]
[Site "Arco ITA"]
[Date "2001.10.19"]
[Round "3"]
[White "Bukal, Vladimir sr"]
[Black "Gurgenidze, Bukhuti I."]
[Result "1/2-1/2"]
[WhiteElo "2437"]
[BlackElo "2217"]
[PlyCount "75"]
[EventDate "2001.10.17"]

1. c4 e5 2. Nc3 Bb4 3. Nd5 Bc5 4. Nf3 Nc6 5. d3 d6 6. g3 Nge7 7. Bg2 Nxd5 8.
cxd5 Ne7 9. e4 c6 10. dxc6 Nxc6 11. O-O O-O 12. Nh4 Qb6 13. Nf5 Nd4 14. Ne7+
Kh8 15. Nd5 Qd8 16. b4 Bb6 17. Be3 Be6 18. Nxb6 Qxb6 19. Qd2 Rac8 20. Rfc1 Qa6
21. Bxd4 exd4 22. a4 Rxc1+ 23. Rxc1 Qxa4 24. Qb2 Rc8 25. Ra1 Qc6 26. Qxd4 a6
27. Rf1 Qc7 28. f4 f6 29. h3 b6 30. Ra1 a5 31. bxa5 bxa5 32. Qa4 Qc3 33. Qxa5
Qxd3 34. Qe1 h5 35. Rd1 Qa3 36. Kh2 Rc2 37. Rd2 Qc3 38. Qd1 1/2-1/2

[Event "XI C.to Mondiale seniores"]
[Site "Arco ITA"]
[Date "2001.10.19"]
[Round "3"]
[White "Buxade Roca, Guillermo"]
[Black "Petkevich, Jusefs"]
[Result "0-1"]
[WhiteElo "2218"]
[BlackElo "2440"]
[PlyCount "118"]
[EventDate "2001.10.17"]

1. e4 c5 2. Nf3 d6 3. Nc3 Nf6 4. g3 Nc6 5. Bg2 e6 6. O-O Be7 7. h3 O-O 8. d4
cxd4 9. Nxd4 Bd7 10. Ndb5 Qb8 11. a4 a6 12. Na3 Qc7 13. Be3 Rab8 14. Re1 Rfc8
15. Qe2 Nb4 16. Rad1 Be8 17. Bf4 Nd7 18. Rd2 Ne5 19. Red1 Qa5 20. Bxe5 dxe5 21.
Nc4 Qc5 22. Nd6 Bxd6 23. Rxd6 Nc6 24. R6d3 Nd4 25. Qd2 Qb4 26. Rc1 Bxa4 27.
Nxa4 Qxa4 28. c3 Nb3 29. Qd1 Nc5 30. Qxa4 Nxa4 31. Rd2 Rd8 32. Rcd1 Rxd2 33.
Rxd2 Kf8 34. Kf1 Ke7 35. Ke2 Rd8 36. Rc2 Nc5 37. Bf3 Nb3 38. Ke3 Kd6 39. Be2
Kc5 40. h4 b5 41. Bd3 a5 42. Be2 a4 43. Bh5 Rd7 44. f4 exf4+ 45. gxf4 Na5 46.
Bf3 Nc4+ 47. Ke2 e5 48. Bg4 Rd6 49. f5 Rh6 50. h5 g6 51. fxg6 hxg6 52. hxg6
Rxg6 53. Bf3 Rg1 54. Kd3 Rb1 55. Bh5 f6 56. Rf2 Rxb2 57. Rxb2 Nxb2+ 58. Kc2 Nc4
59. Bg6 b4 0-1

[Event "XI C.to Mondiale seniores"]
[Site "Arco ITA"]
[Date "2001.10.19"]
[Round "3"]
[White "Chehlov, Aleksander"]
[Black "Klovans, Janis"]
[Result "0-1"]
[WhiteElo "2267"]
[BlackElo "2420"]
[PlyCount "114"]
[EventDate "2001.10.17"]

1. e4 c5 2. Nf3 e6 3. c3 Nf6 4. e5 Nd5 5. d4 cxd4 6. cxd4 d6 7. Nc3 Nxc3 8.
bxc3 Qc7 9. Bd2 Nd7 10. exd6 Bxd6 11. Bd3 O-O 12. O-O b6 13. Qc2 g6 14. h3 Bb7
15. Be4 Nf6 16. Bxb7 Qxb7 17. Rfe1 Rac8 18. Qd3 Rfd8 19. a4 Qc7 20. Qa6 Nd5 21.
a5 Qc4 22. axb6 axb6 23. Reb1 Kg7 24. Kh1 h6 25. Kg1 Rd7 26. g3 Nxc3 27. Rxb6
Ne4 28. Be3 Qxa6 29. Rbxa6 Rc3 30. d5 e5 31. Re1 Rd3 32. Kg2 f5 33. Bc1 Rxd5
34. Bb2 Rb7 35. Rxd6 Nxd6 36. Rxe5 Rxb2 37. Rxd5 Ne4 38. Nh4 Rxf2+ 39. Kg1 Re2
40. Ra5 Nxg3 41. Ra7+ Kf6 42. Ra6+ Kg5 43. Nxg6 h5 44. Nf8 Ne4 45. Rg6+ Kf4 46.
Ra6 Re1+ 47. Kh2 Ke3 48. Ng6 f4 49. Ra2 f3 50. Ra3+ Kf2 51. Nh4 Re3 52. Ra5 Re2
53. Ra1 Ke3+ 54. Kg1 f2+ 55. Kg2 Nd2 56. Ra3+ Ke4 57. Ra4+ Kd5 0-1

[Event "XI C.to Mondiale seniores"]
[Site "Arco ITA"]
[Date "2001.10.19"]
[Round "3"]
[White "Csom, Istvan"]
[Black "Littlewood, John Eric"]
[Result "0-1"]
[WhiteElo "2425"]
[BlackElo "2285"]
[PlyCount "64"]
[EventDate "2001.10.17"]

1. d4 d5 2. Nf3 e6 3. g3 c5 4. Bg2 Nf6 5. O-O Nc6 6. c3 Be7 7. dxc5 Bxc5 8.
Nbd2 O-O 9. Nb3 Bb6 10. Nfd2 e5 11. e4 Bg4 12. Qe1 Be6 13. Qe2 d4 14. Nf3 a5
15. cxd4 exd4 16. Bg5 a4 17. Nc1 h6 18. Bxf6 Qxf6 19. Nd3 a3 20. Rfc1 axb2 21.
Qxb2 Qd8 22. a3 Rc8 23. Bf1 Ba5 24. Nb4 Qf6 25. Ne1 Nxb4 26. axb4 Bb6 27. Nd3
Rc3 28. e5 Qf3 29. Ne1 Qf5 30. Qd2 Rfc8 31. Nd3 Bc4 32. Rd1 g5 0-1

[Event "XI C.to Mondiale seniores"]
[Site "Arco ITA"]
[Date "2001.10.19"]
[Round "3"]
[White "Durao, Joaquim Manuel"]
[Black "Ivanets, Vladimir"]
[Result "0-1"]
[WhiteElo "2114"]
[BlackElo "2132"]
[PlyCount "64"]
[EventDate "2001.10.17"]

1. e4 c5 2. Nf3 a6 3. c4 g6 4. d4 cxd4 5. Nxd4 Bg7 6. Nc3 Nc6 7. Be3 d6 8. Be2
Nf6 9. O-O O-O 10. f3 e6 11. Nc2 Qc7 12. Qd2 Ne8 13. Rac1 f5 14. exf5 gxf5 15.
Rfd1 Rb8 16. Na3 Qf7 17. f4 Ne7 18. Na4 Bd7 19. Ba7 Rd8 20. Nc3 Bc6 21. b4 Nf6
22. b5 Ne4 23. Nxe4 Bxe4 24. c5 Qg6 25. Bf1 Nd5 26. cxd6 Bh6 27. Be3 Rxd6 28.
Nc4 Rdd8 29. Ne5 Qg7 30. bxa6 Qxe5 31. fxe5 Bxe3+ 32. Qxe3 Nxe3 0-1

[Event "XI C.to Mondiale seniores"]
[Site "Arco ITA"]
[Date "2001.10.19"]
[Round "3"]
[White "Hecht, Hans-Joachim"]
[Black "Zichichi, Alvise"]
[Result "1/2-1/2"]
[WhiteElo "2418"]
[BlackElo "2277"]
[PlyCount "81"]
[EventDate "2001.10.17"]

1. d4 d5 2. c4 c6 3. Nf3 e6 4. g3 f5 5. Bg2 Nf6 6. O-O Bd6 7. Nbd2 O-O 8. b3
Bd7 9. Bb2 Be8 10. Ne5 g5 11. Qc1 Bh5 12. Ndf3 Ne4 13. Ba3 Bxa3 14. Qxa3 Na6
15. Nxc6 bxc6 16. Qxa6 Bxf3 17. exf3 Nd6 18. Rfe1 Qd7 19. cxd5 exd5 20. Rac1
Rac8 21. Qd3 Rce8 22. Re5 Rxe5 23. dxe5 Nf7 24. Qd2 Re8 25. Re1 f4 26. gxf4 Qf5
27. e6 Rxe6 28. Rxe6 Qxe6 29. fxg5 Qf5 30. h4 Ne5 31. Qe3 Ng6 32. Qe8+ Kg7 33.
h5 Qxg5 34. hxg6 Qc1+ 35. Kh2 Qf4+ 36. Kh3 Qf5+ 37. Kh2 Qf4+ 38. Kg1 Qc1+ 39.
Bf1 Qg5+ 40. Kh1 Qh6+ 41. Kg1 1/2-1/2

[Event "XI C.to Mondiale seniores"]
[Site "Arco ITA"]
[Date "2001.10.19"]
[Round "3"]
[White "Karasev, Vladimir I."]
[Black "Bylino, Oleg"]
[Result "1/2-1/2"]
[WhiteElo "2410"]
[BlackElo "2238"]
[PlyCount "78"]
[EventDate "2001.10.17"]

1. g3 d5 2. Bg2 Nf6 3. Nf3 Bf5 4. O-O e6 5. d3 h6 6. b3 Be7 7. Bb2 O-O 8. Nbd2
c5 9. Ne5 Nbd7 10. e4 Bh7 11. Nxd7 Qxd7 12. e5 Ne8 13. f4 Rc8 14. g4 b5 15. Kh1
Nc7 16. Qf3 b4 17. a4 bxa3 18. Rxa3 Nb5 19. Ra2 f5 20. exf6 Bxf6 21. Bxf6 Rxf6
22. Qe3 Qd6 23. c4 d4 24. Qe5 Qxe5 25. fxe5 Rxf1+ 26. Bxf1 Nc3 27. Rxa7 Rf8 28.
Kg1 Nd1 29. Rc7 Rf2 30. Ne4 Bxe4 31. dxe4 Rb2 32. g5 hxg5 33. Bh3 Ne3 34. Bxe6+
Kh7 35. Bf5+ Kh6 36. e6 Rg2+ 37. Kh1 Re2 38. Kg1 Rg2+ 39. Kh1 Re2 1/2-1/2

[Event "XI C.to Mondiale seniores"]
[Site "Arco ITA"]
[Date "2001.10.19"]
[Round "3"]
[White "Lainburg, Viktor"]
[Black "Rotstein, Jefim"]
[Result "1/2-1/2"]
[WhiteElo "2235"]
[BlackElo "2379"]
[PlyCount "82"]
[EventDate "2001.10.17"]

1. d4 Nf6 2. Nf3 c5 3. c4 cxd4 4. Nxd4 e5 5. Nb5 d5 6. cxd5 Bc5 7. N5c3 O-O 8.
g3 Qb6 9. e3 Bg4 10. Be2 Bxe2 11. Qxe2 e4 12. Nd2 Re8 13. a3 Nbd7 14. b4 Bf8
15. O-O Qc7 16. Bb2 Nb6 17. Rac1 Qd7 18. Kg2 Nbxd5 19. Nxd5 Nxd5 20. Rfd1 Rad8
21. Nb3 a6 22. Rd2 Qe7 23. Bd4 Qe6 24. Na5 Rd7 25. Rcd1 Rc8 26. Rc2 Rxc2 27.
Qxc2 Rc7 28. Qb3 b6 29. Bb2 bxa5 30. Qxd5 Qxd5 31. Rxd5 axb4 32. axb4 Rc2 33.
Bd4 Bxb4 34. Rd8+ Bf8 35. Ra8 h5 36. Rxa6 Bb4 37. Ra1 Kh7 38. Rb1 Rc4 39. Ra1
Rc2 40. Rb1 Bd2 41. Rb2 Rxb2 1/2-1/2

[Event "XI C.to Mondiale seniores"]
[Site "Arco ITA"]
[Date "2001.10.19"]
[Round "3"]
[White "Lieb, Harald"]
[Black "Kruek, Josef"]
[Result "0-1"]
[WhiteElo "2301"]
[BlackElo "2040"]
[PlyCount "104"]
[EventDate "2001.10.17"]

1. Nf3 Nf6 2. c4 e6 3. g3 d5 4. d4 dxc4 5. Qa4+ Bd7 6. Qxc4 Bc6 7. Nbd2 Be7 8.
Bg2 a6 9. Qc2 O-O 10. O-O Nbd7 11. e4 Nb6 12. a3 a5 13. e5 Nfd5 14. Ne4 h6 15.
Re1 a4 16. Bd2 Re8 17. h4 Bb5 18. Nc5 Ra7 19. Re4 Nc4 20. Bc1 b6 21. Nxe6 fxe6
22. Bf1 Rf8 23. Nh2 Nxa3 24. bxa3 Bxf1 25. Nxf1 Qe8 26. Rg4 Qh5 27. Nh2 c5 28.
Bb2 Qf5 29. Rc1 Qxc2 30. Rxc2 cxd4 31. Rxd4 Bc5 32. Rd3 Rc7 33. Nf3 b5 34. Bd4
Rxf3 35. Rxf3 Bxd4 36. Rxc7 Nxc7 37. Rd3 Bxe5 38. f4 Bf6 39. Rd7 Nd5 40. Rb7
Nc3 41. Kf1 Kf8 42. h5 Be7 43. Rb8+ Kf7 44. Rb7 Kf6 45. g4 Bxa3 46. Rb6 Bc5 47.
Rc6 a3 48. Rxc5 a2 49. g5+ hxg5 50. fxg5+ Ke7 51. Rc7+ Kd6 52. Ra7 Na4 0-1

[Event "XI C.to Mondiale seniores"]
[Site "Arco ITA"]
[Date "2001.10.19"]
[Round "3"]
[White "Meszaros, Ignac"]
[Black "Chernikov, Oleg L."]
[Result "0-1"]
[WhiteElo "2218"]
[BlackElo "2464"]
[PlyCount "42"]
[EventDate "2001.10.17"]

1. e4 c5 2. Nf3 d6 3. c3 Nf6 4. Be2 Bd7 5. d3 g6 6. O-O Bg7 7. Be3 O-O 8. Nbd2
Nc6 9. h3 b6 10. d4 cxd4 11. Nxd4 d5 12. Qc2 e5 13. Nxc6 Bxc6 14. Bf3 Rc8 15.
Rfd1 Qe8 16. Rac1 Qe6 17. c4 d4 18. Bg5 Nd7 19. Nf1 f5 20. Bd2 Nc5 21. b4 Nxe4
0-1